Blue Lock : Score toutes les sélections confondu - Statistiques

Statistiques générales
  • Ce quiz a été pris 77 fois
  • Le résultat moyen est 19 sur 31
Statistiques - réponses
Sélection Équipe Score % Correct
Première sélection Team X VS Team Z 5-1
83%
Introduction Matzukaze High School VS Ichinan High School 2-0
83%
Match U20 Blue Lock Eleven VS U20 Japon 4-3
69%
Neo Egoist League Bastard Munchen VS FC Barcha 3-2
67%
Deuxième sélection Team Isagi VS Team Rin / 4V4 4-5
67%
Deuxième sélection Team Isagi VS Team Baro / 2V2 5-4
67%
Deuxième sélection Team Isagi VS Team Kunigami / 3V3 5-4
67%
Neo Egoist League FC Barcha VS Ubers 1-3
66%
Deuxième sélection Team Isagi VS Team Rin / 3V3 2-5
66%
Neo Egoist League Bastard Munich contre Manshine City 3-2
66%
Neo Egoist League Ubers VS Paris X Gen 2-3
64%
Première sélection Team V VS Team Y 8-0
64%
Première sélection Team Y VS Team Z 1-2
62%
Neo Egoist League Bastard Munchen VS Ubers 3-2
62%
Neo Egoist League Manshine City VS Paris X Gen 1-3
60%
Neo Egoist League FC Barcha VS Paris X Gen 2-3
60%
Première sélection Team V VS Team Z 4-5
60%
Neo Egoist League Manshine City VS Ubers 1-3
59%
Neo Egoist League Bastard Munchen VS Paris X Gen 3-2
59%
Deuxième sélection Team Nagi VS Team Hiiragi 5-3
59%
Deuxième sélection Team Nagi VS Team Kiyora 5-4
59%
Première sélection Team W VS Team Z 4-4
57%
Troisième sélection Team A1 VS Team B1 5-4
57%
Neo Egoist League FC Barcha VS Manshine City (En cours) 2-2
53%
Troisième sélection Team A2 VS Team C1 5-3
53%
Troisième sélection Team A3 VS Team B3 5-2
52%
Troisième sélection Team B2 VS Team C2 5-3
52%
Troisième sélection Team A4 VS Team C3 5-4
52%
Première sélection Team V VS Team W 5-1
40%
Première sélection Team V VS Team X 5-2
38%
Première sélection Team W VS Team X 4-1
34%
Aucun quiz correspondant
Distribution des résultats
% des personnes avec chaque résultat
Percentile par nombre de réponses
Votre historique - résultats
Vous n’avez pas pris ce quiz